|
|
|
|
| LEADER |
02350cas a2200241 a 4500 |
| 001 |
AALejournalIMF015014 |
| 008 |
230101c9999 xx r poo 0 0eng d |
| 020 |
|
|
|c 5.00 USD
|
| 020 |
|
|
|z 9781475576207
|
| 022 |
|
|
|a 1018-5941
|
| 040 |
|
|
|a BD-DhAAL
|c BD-DhAAL
|
| 100 |
1 |
|
|a Jones, Bradley.
|
| 245 |
1 |
0 |
|a Asset Bubbles :
|b Re-thinking Policy for the Age of Asset Management /
|c Bradley Jones.
|
| 264 |
|
1 |
|a Washington, D.C. :
|b International Monetary Fund,
|c 2015.
|
| 300 |
|
|
|a 1 online resource (59 pages)
|
| 490 |
1 |
|
|a IMF Working Papers
|
| 500 |
|
|
|a <strong>Off-Campus Access:</strong> No User ID or Password Required
|
| 500 |
|
|
|a <strong>On-Campus Access:</strong> No User ID or Password Required
|
| 506 |
|
|
|a Electronic access restricted to authorized BRAC University faculty, staff and students
|
| 520 |
3 |
|
|a In distilling a vast literature spanning the rational- irrational divide, this paper offers reflections on why asset bubbles continue to threaten economic stability despite financial markets becoming more informationally-efficient, more complete, and more heavily influenced by sophisticated (i.e. presumably rational) institutional investors. Candidate explanations for bubble persistence-such as limits to learning, frictional limits to arbitrage, and behavioral errors-seem unsatisfactory as they are inconsistent with the aforementioned trends impacting global capital markets. In lieu of the short-term nature of the asset owner-manager relationship, and the momentum bias inherent in financial benchmarks, I argue that the business risk of asset managers acts as strong motivation for institutional herding and 'rational bubble-riding.' Two key policy implications follow. First, procyclicality could intensify as institutional assets under management continue to grow. Second, remedial policies should extend beyond the standard suite of macroprudential and monetary measures to include time-invariant policies targeted at the cause (not just symptom) of the problem. Prominent among these should be reforms addressing principal-agent contract design and the implementation of financial benchmarks.
|
| 538 |
|
|
|a Mode of access: Internet
|
| 830 |
|
0 |
|a IMF Working Papers; Working Paper ;
|v No. 2015/027
|
| 856 |
4 |
0 |
|z Full text available on IMF
|u http://elibrary.imf.org/view/journals/001/2015/027/001.2015.issue-027-en.xml
|z IMF e-Library
|